Alimenti con lettera iniziale C - Statistics

Statistiche generali
  • Questo quiz è stato fatto 136 volte
  • Il punteggio medio è 14 su 16
Statistiche sulle risposte
con Immagini Risposta % Corretto
Carota
98%
Castagna
98%
Cetriolo
98%
Ciliegia
98%
Cozze
97%
Cioccolato
96%
Cipolla
96%
Cavolfiore
93%
Cecio
91%
Caviale
84%
Caciocavallo
83%
Calamari
83%
Cannelloni
82%
Cotechino
81%
Capperi
79%
Cassata
78%
Nessun quiz corrispondente trovato
Distribuzione punteggi
Percentuale di utenti per punteggio
Percentile per numero di risposta
I tuoi punteggi nel tempo
Non hai fatto questo quiz